000 00708nam a22002537a 4500
003 OSt
005 20220107122838.0
008 180411b xxu||||| |||| 00| 0 eng d
020 _a9788120351165
040 _cIIITMK
082 _a006.312 KUL/B
100 _aKulkarni, Parag (Eds.)
_913949
245 _aBig data analytics
_cParag Kulkarni
260 _aNew Delhi,
_bPHI Learning Private Limited,
_c2016.
300 _axiii,189p.
650 _aCOMPUTER SCIENCE
_913950
650 _aDATA MINING
_913951
650 _aBIG DATA
_913952
650 _aBIG DATA ANALYTICS
_913953
650 _aDATA ANALYTICS
_913954
700 _aJoshi, Sarang
_913955
700 _aBrown, Meta s
_913956
942 _2ddc
_cBK
999 _c6035
_d6035